| 000 | 00410nam a2200169Ia 4500 | ||
|---|---|---|---|
| 008 | 221030s9999 xx 000 0 und d | ||
| 020 | _a0071004726 | ||
| 041 | _aEnglish | ||
| 082 |
_a105.23 _bHar |
||
| 100 | _aS. Harrington | ||
| 245 | 0 | _aComputer Graphics - A Programming Approach | |
| 250 | _a2nd | ||
| 260 |
_bMcGraw - Hill Pub. _aNew Delhi _c2006 |
||
| 300 | _a466 | ||
| 650 | _aComputers | ||
| 942 | _cBK | ||
| 999 |
_c891 _d891 |
||